[Event "Oberliga Wuerttemberg 1819"]
[Site "Wuerttemberg"]
[Date "2019.02.03"]
[Round "6"]
[White "Puerckhauer, Soeren"]
[Black "Kuklin, Valentin"]
[Result "0-1"]
[WhiteElo "2148"]
[BlackElo "2376"]
[PlyCount "102"]
[EventDate "2018.09.23"]
[EventType "team-tourn"]
[EventRounds "9"]
[EventCountry "GER"]
[SourceTitle "EXT 2020"]
[Source "ChessBase"]
[SourceDate "2019.10.17"]
[SourceVersion "1"]
[SourceVersionDate "2019.10.17"]
[SourceQuality "1"]
[WhiteTeam "Sontheim/Brenz"]
[BlackTeam "Boeblingen"]
[WhiteTeamCountry "GER"]
[BlackTeamCountry "GER"]

1. e4 e6 2. d4 d5 3. exd5 exd5 4. Bd3 Nc6 5. c3 Bd6 6. Nf3 Nge7 7. Bg5 Bg4 8. Nbd2 Qd7 9. Bxe7 Nxe7 10. h3 Bh5 11. Qe2 0-0-0 12. g3 c5 13. dxc5 Bxc5 14. Nb3 Bb6 15. g4 Bg6 16. 0-0-0 Rhe8 17. Ne5 Qc7 18. Nxg6 Nxg6 19. Qc2 Qf4+ 20. Kb1 Kb8 21. Bxg6 fxg6 22. Rhe1 Qf3 23. Rxe8 Rxe8 24. Qd3 Qxd3+ 25. Rxd3 Re1+ 26. Kc2 Re2+ 27. Rd2 Rxf2 28. Rxf2 Bxf2 29. Nc1 Kc7 30. Kd3 Kd6 31. Ke2 Bh4 32. Nd3 Bf6 33. Kf3 Bg5 34. Kg3 Kc6 35. Kf3 Kb5 36. Ke2 Bf6 37. Kd2 d4 38. cxd4 Bxd4 39. b3 Kc6 40. Ke2 Kd5 41. Kf3 Bf6 42. Kf4 Kd4 43. Nb2 b5 44. Nd1 Be5+ 45. Kf3 b4 46. Ne3 Kd3 47. Nc4 Bc7 48. a3 Kc3 49. axb4 Kxb4 50. Nd2 Kc3 51. Ke3 Bf4+ 0-1

[Event "Oberliga Wuerttemberg 1819"]
[Site "Wuerttemberg"]
[Date "2018.11.11"]
[Round "3"]
[White "Puerckhauer, Soeren"]
[Black "Denisow, Jewgeny"]
[Result "1/2-1/2"]
[WhiteElo "2148"]
[BlackElo "2177"]
[PlyCount "60"]
[EventDate "2018.09.23"]
[EventType "team-tourn"]
[EventRounds "9"]
[EventCountry "GER"]
[SourceTitle "EXT 2020"]
[Source "ChessBase"]
[SourceDate "2019.10.17"]
[SourceVersion "1"]
[SourceVersionDate "2019.10.17"]
[SourceQuality "1"]
[WhiteTeam "Sontheim/Brenz"]
[BlackTeam "Schwaebisch Gmuend"]
[WhiteTeamCountry "GER"]
[BlackTeamCountry "GER"]

1. e4 c5 2. Nf3 d6 3. d4 cxd4 4. Nxd4 Nf6 5. Nc3 a6 6. Bg5 Nbd7 7. Bc4 Qc7 8. Bb3 h6 9. Bh4 g5 10. Bg3 Nc5 11. f3 Bg7 12. Bf2 Bd7 13. Qd2 Nxb3 14. axb3 Rc8 15. Nd5 Nxd5 16. exd5 0-0 17. c3 e5 18. dxe6 fxe6 19. 0-0 e5 20. Ne2 Bc6 21. c4 Qd7 22. Nc3 g4 23. fxg4 Qxg4 24. Nd5 Kh8 25. Be3 Qe6 26. Nb6 Rxf1+ 27. Rxf1 Rf8 28. Rxf8+ Bxf8 29. Nd5 Qg6 30. h3 Bd7 1/2-1/2

[Event "Oberliga Wuerttemberg 1819"]
[Site "Wuerttemberg"]
[Date "2018.09.23"]
[Round "1"]
[White "Puerckhauer, Soeren"]
[Black "Degenhard, Simon"]
[Result "1/2-1/2"]
[WhiteElo "2148"]
[BlackElo "2235"]
[PlyCount "70"]
[EventDate "2018.09.23"]
[EventType "team-tourn"]
[EventRounds "9"]
[EventCountry "GER"]
[SourceTitle "EXT 2020"]
[Source "ChessBase"]
[SourceDate "2019.10.17"]
[SourceVersion "1"]
[SourceVersionDate "2019.10.17"]
[SourceQuality "1"]
[WhiteTeam "Sontheim/Brenz"]
[BlackTeam "Heilbronn"]
[WhiteTeamCountry "GER"]
[BlackTeamCountry "GER"]

1. d4 Nf6 2. Bf4 d6 3. e3 g6 4. Bd3 Bg7 5. Nf3 0-0 6. Nbd2 Nfd7 7. Bg5 h6 8. Bh4 Qe8 9. 0-0 e5 10. c3 f5 11. dxe5 dxe5 12. Bc4+ Kh8 13. Bg3 Nc6 14. h3 Nb6 15. Bb3 g5 16. Nc4 f4 17. Nxb6 axb6 18. exf4 exf4 19. Bh2 Bf5 20. Bc2 Qg6 21. Bxf5 Qxf5 22. Qb1 Qf7 23. a3 Rae8 24. Qc2 Ne5 25. Nxe5 Rxe5 26. Rfe1 Rfe8 27. Rxe5 Rxe5 28. Rd1 Qe7 29. Kh1 Re1+ 30. Bg1 Rxd1 31. Qxd1 Bf6 32. f3 Kg7 33. Bd4 Bxd4 34. Qxd4+ Kf7 35. Kh2 Qe1 1/2-1/2

[Event "Oberliga Wuerttemberg 1617"]
[Site "Wuerttemberg"]
[Date "2017.02.19"]
[Round "8.3"]
[White "Oberst, Thomas"]
[Black "Puerckhauer, Soeren"]
[Result "1-0"]
[WhiteElo "2293"]
[BlackElo "2152"]
[PlyCount "55"]
[EventDate "2016.09.25"]
[EventType "team-tourn"]
[EventRounds "11"]
[EventCountry "GER"]
[SourceTitle "EXT 2019"]
[Source "ChessBase"]
[SourceDate "2018.10.10"]
[SourceVersion "1"]
[SourceVersionDate "2018.10.10"]
[SourceQuality "1"]
[WhiteTeam "Biberach"]
[BlackTeam "Sontheim/Brenz"]
[WhiteTeamCountry "GER"]
[BlackTeamCountry "GER"]

1. c4 Nf6 2. Nc3 c6 3. e4 e5 4. d4 Bb4 5. dxe5 Nxe4 6. Qd4 Nxc3 7. bxc3 Qb6 8. Qd3 Bc5 9. Qg3 g6 10. Bh6 Qb2 11. Rd1 Na6 12. Be2 Nc7 13. Bg7 Rg8 14. Bf6 b5 15. Nh3 Ne6 16. cxb5 cxb5 17. Qd3 b4 18. 0-0 Qxc3 19. Qd5 Rb8 20. Bc4 h6 21. Nf4 Bf8 22. Rd3 Qc2 23. Rfd1 Rb7 24. R3d2 Qa4 25. Qe4 Nc5 26. Bxf7+ Kxf7 27. Qc4+ d5 28. Qxd5+ 1-0

[Event "Oberliga Wuerttemberg 1617"]
[Site "Wuerttemberg"]
[Date "2016.12.04"]
[Round "5.4"]
[White "Khadempour, Farhad"]
[Black "Puerckhauer, Soeren"]
[Result "1-0"]
[WhiteElo "2177"]
[BlackElo "2152"]
[PlyCount "69"]
[EventDate "2016.09.25"]
[EventType "team-tourn"]
[EventRounds "11"]
[EventCountry "GER"]
[SourceTitle "EXT 2019"]
[Source "ChessBase"]
[SourceDate "2018.10.10"]
[SourceVersion "1"]
[SourceVersionDate "2018.10.10"]
[SourceQuality "1"]
[WhiteTeam "Bebenhausen"]
[BlackTeam "Sontheim/Brenz"]
[WhiteTeamCountry "GER"]
[BlackTeamCountry "GER"]

1. e4 d6 2. d4 g6 3. Nf3 Bg7 4. Nc3 c6 5. a4 a5 6. h3 Nd7 7. Be3 Qb6 8. Ra3 Ngf6 9. e5 Nd5 10. Nxd5 cxd5 11. Rb3 Qc7 12. Rc3 Qb8 13. Bb5 0-0 14. exd6 exd6 15. 0-0 Nf6 16. Bf4 Ne4 17. Re3 Be6 18. Rfe1 Qd8 19. Qe2 g5 20. Bh2 g4 21. hxg4 Bxg4 22. c3 Ng5 23. Qf1 Bxf3 24. gxf3 Bf6 25. f4 Ne6 26. Qg2+ Kh8 27. Qxd5 Rg8+ 28. Kh1 Bh4 29. Rh3 Rg7 30. Qh5 Bxf2 31. Rf1 Bxd4 32. cxd4 Nxd4 33. Bd3 f5 34. Bg1 Ne6 35. Bxf5 1-0

[Event "Oberliga Wuerttemberg 1617"]
[Site "Wuerttemberg"]
[Date "2016.10.30"]
[Round "3.4"]
[White "Denisow, Jewgeny"]
[Black "Puerckhauer, Soeren"]
[Result "1/2-1/2"]
[WhiteElo "2224"]
[BlackElo "2152"]
[PlyCount "30"]
[EventDate "2016.09.25"]
[EventType "team-tourn"]
[EventRounds "11"]
[EventCountry "GER"]
[SourceTitle "EXT 2019"]
[Source "ChessBase"]
[SourceDate "2018.10.10"]
[SourceVersion "1"]
[SourceVersionDate "2018.10.10"]
[SourceQuality "1"]
[WhiteTeam "Schwaebisch Gmuend"]
[BlackTeam "Sontheim/Brenz"]
[WhiteTeamCountry "GER"]
[BlackTeamCountry "GER"]

1. e4 c6 2. Nf3 d5 3. exd5 Qxd5 4. Nc3 Qa5 5. Be2 Bf5 6. 0-0 Nf6 7. b4 Qc7 8. b5 a6 9. Nd4 Bd7 10. bxc6 Nxc6 11. Nxc6 Bxc6 12. Bf3 e6 13. Re1 Rd8 14. Qe2 Bd6 15. h3 0-0 1/2-1/2

[Event "Oberliga Wuerttemberg 1516"]
[Site "Wuerttemberg"]
[Date "2015.09.20"]
[Round "1.4"]
[White "Puerckhauer, Soeren"]
[Black "Donev, Ivo Hristov"]
[Result "1/2-1/2"]
[WhiteElo "2090"]
[BlackElo "2331"]
[PlyCount "36"]
[EventDate "2015.09.20"]
[EventType "team-tourn"]
[EventRounds "9"]
[EventCountry "GER"]
[SourceTitle "EXT 2019"]
[Source "ChessBase"]
[SourceDate "2018.10.10"]
[SourceVersion "1"]
[SourceVersionDate "2018.10.10"]
[SourceQuality "1"]
[WhiteTeam "Sontheim/Brenz"]
[BlackTeam "Jedesheim"]
[WhiteTeamCountry "GER"]
[BlackTeamCountry "GER"]

1. d4 d5 2. Nf3 Nf6 3. Bf4 c6 4. c3 Qb6 5. Qb3 Bf5 6. Nbd2 Nbd7 7. e3 h6 8. c4 e6 9. c5 Qxb3 10. axb3 a6 11. b4 Rc8 12. h3 Be7 13. Nb3 0-0 14. Na5 b6 15. Bxa6 bxa5 16. Bxc8 Rxc8 17. bxa5 Bd3 18. a6 Ra8 1/2-1/2

[Event "Schwarzach op 25th"]
[Site "Schwarzach"]
[Date "2010.08.22"]
[Round "2"]
[White "Smirnov, Artem"]
[Black "Puerckhauer, Soeren"]
[Result "1-0"]
[WhiteElo "2446"]
[BlackElo "2131"]
[PlyCount "65"]
[EventDate "2010.08.21"]
[EventType "swiss"]
[EventRounds "9"]
[EventCountry "AUT"]
[SourceTitle "CBM 138 Extra"]
[Source "ChessBase"]
[SourceDate "2010.10.29"]
[SourceVersion "1"]
[SourceVersionDate "2010.10.29"]
[SourceQuality "1"]

1. d4 Nf6 2. c4 e6 3. Nc3 Bb4 4. e3 c5 5. Nge2 d5 6. a3 Bxc3+ 7. Nxc3 cxd4 8. exd4 Nc6 9. c5 a6 10. Be2 h6 11. 0-0 0-0 12. Bf4 b5 13. b4 Ne4 14. Nxe4 dxe4 15. Bd6 Re8 16. f3 Qf6 17. fxe4 Qxd4+ 18. Kh1 Qxd1 19. Rfxd1 e5 20. a4 bxa4 21. Rxa4 Nd4 22. Bc4 Be6 23. Bxe6 Rxe6 24. Rda1 Nc2 25. R1a2 Rf6 26. h3 Ne3 27. b5 Rf1+ 28. Kh2 Rb1 29. b6 Nf1+ 30. Kg1 Nd2+ 31. Kf2 Nb3 32. b7 Re8 33. Rb4 1-0

[Event "Staufer op 21st"]
[Site "Schwaebisch Gmuend"]
[Date "2009.01.05"]
[Round "8"]
[White "Puerckhauer, Soeren"]
[Black "Jurek, Josef"]
[Result "1/2-1/2"]
[WhiteElo "2149"]
[BlackElo "2354"]
[PlyCount "124"]
[EventDate "2009.01.02"]
[EventType "swiss"]
[EventRounds "9"]
[EventCountry "GER"]
[SourceTitle "CBM 128 Extra"]
[Source "ChessBase"]
[SourceDate "2009.03.05"]
[SourceVersion "2"]
[SourceVersionDate "2009.03.25"]
[SourceQuality "1"]

1. e4 e6 2. d4 d5 3. exd5 exd5 4. Nf3 Bd6 5. Bd3 Ne7 6. Bg5 Bg4 7. Nbd2 Nbc6 8. c3 Qd7 9. Qc2 0-0-0 10. 0-0-0 f6 11. Bh4 Ng6 12. Bg3 Nf4 13. Bxf4 Bxf4 14. h3 Be6 15. Rde1 g6 16. Kb1 Rde8 17. Nb3 Bd6 18. Ka1 Nb8 19. Re2 Bf7 20. Rhe1 b6 21. c4 dxc4 22. Bxc4 c6 23. d5 Rxe2 24. Rxe2 c5 25. Qd3 Kb7 26. Bb5 Qc7 27. Nbd2 a6 28. Ba4 b5 29. Bc2 Nd7 30. Ne4 Rd8 31. Qd1 h6 32. g4 Nb6 33. Nxf6 Be7 34. Ne4 Bxd5 35. Qe1 Bc6 36. Ne5 Qxe5 37. Nc3 Qg5 38. Rxe7+ Rd7 39. Rxd7+ Nxd7 40. Be4 Qe5 41. Bxc6+ Kxc6 42. Qh1+ Kc7 43. f4 Qd4 44. a3 b4 45. axb4 cxb4 46. Qd5 Qxf4 47. Qa5+ Kb7 48. Nd5 Qc1+ 49. Ka2 b3+ 50. Ka3 Qa1+ 51. Kb4 Qxa5+ 52. Kxa5 Ne5 53. Kb4 Kc6 54. Ne3 Nd3+ 55. Kxb3 Kd6 56. h4 Ke5 57. h5 gxh5 58. gxh5 Kf4 59. Nd5+ Kg5 60. Ne7 Kxh5 61. Ng8 Nc5+ 62. Kc4 Nb7 1/2-1/2

[Event "Schwarzach op 23rd"]
[Site "Schwarzach"]
[Date "2008.08.24"]
[Round "9"]
[White "Wimmer, Alfred"]
[Black "Puerckhauer, Soeren"]
[Result "0-1"]
[WhiteElo "2101"]
[BlackElo "2142"]
[PlyCount "84"]
[EventDate "2008.08.16"]
[EventType "swiss"]
[EventRounds "9"]
[EventCountry "AUT"]
[SourceTitle "CBM 126 Extra"]
[Source "ChessBase"]
[SourceDate "2008.11.05"]
[SourceVersion "1"]
[SourceVersionDate "2008.11.05"]
[SourceQuality "1"]

1. c4 e5 2. g3 Nc6 3. Bg2 Bc5 4. Nc3 d6 5. e3 Nf6 6. Nge2 0-0 7. a3 Re8 8. d3 a5 9. 0-0 Bf5 10. h3 Qc8 11. Kh2 Ne7 12. e4 Bd7 13. Bg5 c6 14. Bxf6 gxf6 15. Qd2 Kh8 16. f4 Be6 17. g4 Qd8 18. b3 Rb8 19. d4 exd4 20. Nxd4 Rg8 21. Nf5 b5 22. Nh6 Rf8 23. cxb5 cxb5 24. Nd5 Bxd5 25. exd5 Qb6 26. Qd3 Kg7 27. Nf5+ Nxf5 28. Qxf5 Rbe8 29. Be4 Rh8 30. g5 Qd8 31. gxf6+ Qxf6 32. Rg1+ Bxg1+ 33. Rxg1+ Qg6 34. Rxg6+ hxg6 35. Qd7 Rxe4 36. Qxd6 Re3 37. b4 Rhxh3+ 38. Kg2 Rhg3+ 39. Kf2 Rgf3+ 40. Kg2 Rg3+ 41. Kf2 Rxa3 42. f5 Rgf3+ 0-1

[Event "Schwarzach op 23rd"]
[Site "Schwarzach"]
[Date "2008.08.20"]
[Round "5"]
[White "Franciskovic, Borka"]
[Black "Puerckhauer, Soeren"]
[Result "1-0"]
[WhiteElo "2251"]
[BlackElo "2142"]
[PlyCount "83"]
[EventDate "2008.08.16"]
[EventType "swiss"]
[EventRounds "9"]
[EventCountry "AUT"]
[SourceTitle "CBM 126 Extra"]
[Source "ChessBase"]
[SourceDate "2008.11.05"]
[SourceVersion "1"]
[SourceVersionDate "2008.11.05"]
[SourceQuality "1"]

1. c4 c6 2. e4 e5 3. Nf3 Bc5 4. Nxe5 Qe7 5. Nf3 Qxe4+ 6. Be2 Nf6 7. 0-0 0-0 8. d4 Bb6 9. Nc3 Qe7 10. Re1 d6 11. Bd3 Qd8 12. h3 d5 13. Qb3 h6 14. Bf4 dxc4 15. Bxc4 Bf5 16. Rad1 Nh5 17. Bxb8 Rxb8 18. g4 Bg6 19. gxh5 Bxh5 20. Ne4 Ba5 21. Re3 b5 22. Bf1 Kh8 23. Ng3 Bxf3 24. Rxf3 Bb6 25. Rxf7 Rxf7 26. Qxf7 Bxd4 27. Bd3 Qg5 28. Qg6 Qxg6 29. Bxg6 Bxb2 30. Rd7 a5 31. Rc7 a4 32. Rxc6 b4 33. Ra6 a3 34. Kg2 Kg8 35. Nf5 Kf8 36. Ra7 Bc3 37. Kf3 Be5 38. Ra6 b3 39. axb3 Rxb3+ 40. Ke4 Bb8 41. Rc6 Rb4+ 42. Kd3 1-0

[Event "Schwarzach op 23rd"]
[Site "Schwarzach"]
[Date "2008.08.18"]
[Round "3"]
[White "Schmid, Thomas"]
[Black "Puerckhauer, Soeren"]
[Result "0-1"]
[WhiteElo "2273"]
[BlackElo "2142"]
[PlyCount "112"]
[EventDate "2008.08.16"]
[EventType "swiss"]
[EventRounds "9"]
[EventCountry "AUT"]
[SourceTitle "CBM 126 Extra"]
[Source "ChessBase"]
[SourceDate "2008.11.05"]
[SourceVersion "1"]
[SourceVersionDate "2008.11.05"]
[SourceQuality "1"]

1. Nc3 d5 2. e4 Nf6 3. exd5 Nxd5 4. Bc4 Nxc3 5. Qf3 e6 6. Qxc3 Qf6 7. Qxf6 gxf6 8. d4 b6 9. Ne2 Bd6 10. Nf4 Rg8 11. 0-0 Ba6 12. Bxa6 Nxa6 13. c3 0-0-0 14. a4 e5 15. Ne2 c5 16. a5 Kb7 17. axb6 axb6 18. Be3 cxd4 19. cxd4 Nb4 20. Rfd1 e4 21. Bf4 Bxf4 22. Nxf4 Nc2 23. Ra4 b5 24. Ra5 Kb6 25. Ra2 Nb4 26. Ra3 Nc2 27. Rh3 Nxd4 28. Kf1 Ne6 29. Nd5+ Kc6 30. Ne7+ Kb6 31. Re1 Rge8 32. Nf5 Nf8 33. Rh6 Re6 34. Ng7 Rc6 35. Rxe4 Rc2 36. b4 Ng6 37. Rh3 Nf4 38. Rf3 Rd1+ 39. Re1 Rcc1 40. Rfe3 Nxg2 41. Rxd1 Nxe3+ 42. fxe3 Rxd1+ 43. Kf2 Rb1 44. Ne8 Rxb4 45. Nxf6 Rb2+ 46. Kg3 h6 47. h4 b4 48. Ng4 h5 49. Nf6 b3 50. Nxh5 Re2 51. Kf3 Rh2 52. Nf4 Rxh4 53. Nd3 Rh2 54. Ne5 b2 55. Nc4+ Kc7 56. Na3 Rh1 0-1

[Event "Staufer op 20th"]
[Site "Schwaebisch Gmuend"]
[Date "2008.01.03"]
[Round "4"]
[White "Puerckhauer, Soeren"]
[Black "Eisenbeiser, Amadeus"]
[Result "0-1"]
[WhiteElo "2146"]
[BlackElo "2319"]
[PlyCount "129"]
[EventDate "2008.01.02"]
[EventType "swiss"]
[EventRounds "9"]
[EventCountry "GER"]
[SourceTitle "CBM 122 Extra"]
[Source "ChessBase"]
[SourceDate "2008.03.04"]
[SourceVersion "1"]
[SourceVersionDate "2008.03.04"]
[SourceQuality "1"]

1. Nf3 g6 2. d4 Bg7 3. c3 d6 4. Bg5 Nf6 5. e3 h6 6. Bh4 g5 7. Bg3 Nh5 8. Be2 e6 9. Nfd2 Nxg3 10. hxg3 Nd7 11. Qc2 b6 12. Bf3 d5 13. a4 Bb7 14. Nf1 c5 15. Nbd2 Rc8 16. Qd1 Qe7 17. Bg4 e5 18. Bxd7+ Qxd7 19. dxe5 Bxe5 20. f4 Bg7 21. fxg5 hxg5 22. Rxh8+ Bxh8 23. Qh5 Bf6 24. Nf3 Qe7 25. Kf2 Kd7 26. Qh3+ Kc7 27. g4 Re8 28. Rc1 Qd7 29. Qh7 Re4 30. Qh6 Qd8 31. Qh5 Qg8 32. Ra1 Bc6 33. N1h2 a5 34. Nd2 Re8 35. Nhf3 Kb7 36. Re1 Qg7 37. Qh3 Qg6 38. Qg3 Bd7 39. Qd6 Bc6 40. Ra1 Rxe3 41. Re1 Rxe1 42. Kxe1 Qg7 43. Kf2 Qh8 44. b3 Qd8 45. Qxd8 Bxd8 46. Ne5 Be8 47. c4 f6 48. Nd3 Bf7 49. cxd5 Bxd5 50. Nc4 Kc6 51. Nc1 b5 52. Ne3 bxa4 53. bxa4 Be6 54. Nf5 Kd5 55. Ke3 Bd7 56. Ne2 Kc4 57. Ke4 Bc6+ 58. Ke3 Bxg2 59. Kd2 Bc6 60. Nc3 Kb3 61. Nd6 Bc7 62. Nde4 Bf4+ 63. Ke2 c4 64. Kf2 Be5 65. Ne2 0-1